Library Banner

A harvest of human heads (Record no. 68508)

MARC details
000 -LEADER
fixed length control field 00380nam a22001457a 4500
005 - DATE AND TIME OF LATEST TRANSACTION
control field 20150331120532.0
008 - FIXED-LENGTH DATA ELEMENTS--GENERAL INFORMATION
fixed length control field 150331b xxu||||| |||| 00| 0 eng d
040 ## - CATALOGING SOURCE
Transcribing agency PK-LaUMT
082 ## - DEWEY DECIMAL CLASSIFICATION NUMBER
Classification number KHC 954.0357
Item number LAT-H
100 ## - MAIN ENTRY--PERSONAL NAME
Personal name Latif Amritsari
245 ## - TITLE STATEMENT
Title A harvest of human heads
Statement of responsibility, etc Latif Amritsari
260 ## - PUBLICATION, DISTRIBUTION, ETC. (IMPRINT)
Place of publication, distribution, etc Multan
Name of publisher, distributor, etc Carvan book centre
Date of publication, distribution, etc 1983
300 ## - PHYSICAL DESCRIPTION
Extent 272 p.
942 ## - ADDED ENTRY ELEMENTS (KOHA)
Koha item type Books
Holdings
Withdrawn status Lost status Damaged status Home library Current library Date acquired Full call number Barcode Date last seen Price effective from Koha item type
      UMT Main Campus UMT Main Campus 2015-03-31 KHC 954.0357 LAT-H 73544 2015-03-31 2015-03-31 Books